[Event "WchT 11th"]
[Site "Khanty-Mansiysk"]
[Date "2017.06.18"]
[Round "2.1"]
[White "Ding, Liren"]
[Black "Vidit, Santosh Gujrathi"]
[Result "1/2-1/2"]
[WhiteElo "2783"]
[BlackElo "2692"]
[Annotator "Sagar Shah/Amruta Mokal"]
[PlyCount "102"]
[EventDate "2017.06.17"]
[EventType "team-tourn"]
[EventRounds "9"]
[EventCountry "RUS"]
[SourceTitle "CBM 179"]
[Source "ChessBase"]
[SourceDate "2017.07.12"]
[SourceVersion "1"]
[SourceVersionDate "2017.07.12"]
[SourceQuality "1"]
[WhiteTeam "China"]
[BlackTeam "India"]
[WhiteTeamCountry "CHN"]
[BlackTeamCountry "IND"]

1. Nf3 {Ding Liren wants to begin with a positional game, perhaps?!} c5 2. e4
$5 {Change of plan! The Caro-Kann is avoided and Ding Liren switches to 1.e4!}
d6 3. d4 cxd4 4. Nxd4 Nf6 5. Nc3 a6 {Vidit works as a second of Anish Giri.
Hence, it doesn't come as a surprise that he goes for the Najdorf.} 6. h3 e6 7.
g4 Be7 8. g5 Nfd7 9. Be3 b5 (9... Bxg5 $2 10. Nxe6 $1 fxe6 11. Qh5+ $16 {
and White is clearly better.}) 10. a3 Bb7 11. h4 Nc6 12. Rg1 {White's idea is
to support the g5-pawn and prepare h5 and g6. Also he gets the rook off the
long diagonal of the b7-bishop.} (12. Nxc6 {is a possibility} Bxc6 13. Qd4 O-O
14. O-O-O Rb8 15. h5 Nc5 16. h6 e5 17. Qd2 g6 18. f3 a5 19. Rg1 Qc7 20. Bxc5
dxc5 21. Nd5 Bxd5 22. exd5 Bd6 23. Rg4 Rfe8 24. Re4 $13 {with a complicated
opposite coloured bishop position.}) (12. Qd2 {is the main move}) 12... Nc5 13.
f3 O-O {Vidit is brave and doesn't fear the pawn storm against his king.} (
13... Ne5 {is possible to delay 0-0 a bit longer} 14. Qd2 Nc4 {is not as
strong because the b7-bishop is already blocking the b-file so it will be a
slow process to increase pressure on b2.} 15. Bxc4 bxc4 16. O-O-O $14) 14. Qd2
{The first new move of the game.} (14. h5 Na4 15. Nxa4 bxa4 16. Nxc6 Bxc6 17.
Qd2 Qc7 18. O-O-O d5 19. h6 dxe4 20. Qc3 e5 21. Bc4 g6 22. Rd7 Bxd7 23. Bxf7+
Rxf7 24. Qxc7 exf3 25. Qxd7 Bxg5 26. Qd3 Bxe3+ 27. Qxe3 Rf5 28. Qe4 Raf8 29.
Qc4+ Kh8 30. Rd1 Rh5 31. Qc5 Rg8 32. Qe7 {1-0 (32) Quesada Perez,Y (2624)-Li,R
(2571) Philadelphia 2017}) 14... Rb8 (14... d5 $5 {It is said that in the
Sicilian if Black is able to execute the move d5, he should be doing fine.} 15.
Nxc6 Bxc6 16. exd5 (16. O-O-O dxe4 17. Qf2 Nd7 {double defence} 18. Nxe4 Bxe4
19. fxe4 $14 {White can claim a small edge thanks to his bishop pair.}) 16...
exd5 17. O-O-O {if White tries to win the pawn, then} d4 $1 {is the saving
grace!} 18. Bxd4 (18. Qxd4 Bxf3 19. Be2 Qxd4 20. Bxd4 Bxe2 21. Nxe2 $11) 18...
Ne6 $1 (18... Bxf3 19. Be2 Bxe2 20. Qxe2 $16 {There are too many scattered
weaknesses which cannot be taken care of by Black}) 19. Bf2 (19. f4 $4 {
Trying to save the pawn would land up in disaster on the dark squares.} Qxd4
20. Qxd4 Nxd4 21. Rxd4 Bc5 $19) 19... Bxf3 $11) (14... f5 15. O-O-O $1 $14) 15.
h5 (15. O-O-O {this natural move doesn't seem to be the best here because of}
b4 16. axb4 Nxb4 {with immediate counter-attack by Black.}) 15... Qc7 16. Qh2
$6 (16. O-O-O b4 17. axb4 Nxb4 18. g6 {Here White is pretty quick.} Bf6 19.
gxh7+ Kxh7 (19... Kh8 20. Kb1 {It is not so easy to see how Black will
continue his attack on the queenside.} Ba8 21. Bg5 $1 $16 {Eliminating the key
defender of Black's kingside.}) 20. Kb1 $14 {Though still complicated, White
has more attacking prospects than his opponent.}) 16... Nxd4 17. Bxd4 e5 $6 {
A common logical move to limit the activity of White's bishop. It also
releases the pressure on the d6 weakness, and one must not forget the knight
maneouvre via e6. But because White has delayed 0-0-0, Black could have taken
advantage of this fact that at the moment there is no pressure on d6 by
playing...f5!} (17... f5 $1 {A move which follows the simple principle - when
an opponent is underdeveloped, open the centre.} 18. gxf6 (18. O-O-O fxe4 19.
fxe4 Nxe4 20. Nxe4 Bxe4 {White loses a pawn for no substantial compensation.})
18... Bxf6 {With White's 0-0-0 this would not be possible as Black would lose
his d6-pawn! But here it's completely fine.} 19. Bxf6 Rxf6 20. h6 g6 21. O-O-O
e5 $11 {Just like the game, but a better version, as Black has been able to
get rid of his passive dark-squared bishop.}) 18. Be3 f5 {This time the move
is not as well timed as the previous move, but still needed as it gives Black
counterplay down the f-file.} 19. gxf6 Bxf6 20. O-O-O {It's a complicated
position. How do we assess ?t. Let's try to make a simple comparison of the
pieces. White's knight is excellently placed on c3 looking at the d5-square.
White's bishops are also quite active. The f1-bishop can go to h3 and look at
an important diagonal. On the other hand I am not so sure about Black's
bishops. The f6-bishop is passive, and the b7 one is limited by the f3-e4
pawns. Black has a weakness on d6, but it is compensated for by White's
weakness on f3. Overall, the position is complex, but there is no doubt that
Ding Liren is better.} Ne6 21. Kb1 Nf4 (21... Nd4 $142 22. Bxd4 (22. Qg2 $1 $14
) 22... exd4 23. Ne2 (23. Nd5 Bxd5 24. exd5 Be5 $11) 23... Be5 24. Qg2 d5 $132
{and the position opens up for Black's bishop pair.}) 22. Bh3 Bc6 (22... Nxh3
23. Qxh3 $16) 23. Bxf4 $5 {This exchange is quite counter-intuitive as it
opens up the bishop on f6 and places it on a powerful diagonal. However,
concretely White is also able to get his light-squared bishop activated. Ding
Liren assessed that as an improvement over the current position. But I am not
so sure about that. Somehow Black's play becomes easier from this point
onwards.} (23. Bf5 {with the idea of h6. White has some real pressure on the
position.}) 23... exf4 24. Be6+ Kh8 25. Nd5 Bxd5 26. Bxd5 {Which bishop is
better? The bishop on d5 looks great, but so does the bishop on f6. As of now,
somehow the white king looks much safer, but things can turn 180 degrees
pretty soon in such sharp positions.} b4 27. a4 Qe7 $1 {Good play by Vidit.
His queen will come to e5 and target the weakest point in White's camp.} 28.
Qd2 Qe5 29. Qc1 h6 $1 {This weakens the light squares, but White is not able
to make use of it because of the pressure on the b2 point.} (29... Qxh5 {
Although this might be objectively fine, this is not a pawn that you want to
be taking. Especially when the g8-square is covered by the bishop on d5.} 30.
Rh1 Qe5 (30... Qxf3 {is not at all possible because of} 31. e5 $16) 31. Bb3 h6
32. Rd5 $16) 30. Bb3 {Planning to play Rd5.} Qxh5 {Now the f3-pawn is hanging
so there is no time for Rh1.} 31. Rg4 (31. Rxd6 Qxf3 {and White will be in
trouble}) (31. Rh1 Qxf3 $17) 31... Qe5 32. Rd5 Qe7 33. Ra5 (33. Rxf4 Be5 $13)
33... Qa7 34. Rxf4 Be5 35. Rh4 (35. Rf5 {was a possiblity} Rxf5 36. exf5 Qf2
37. Rxa6 Qxf3 38. a5 Qxf5 $6 (38... Kh7 $1 $11) 39. Qh1 $3 {An important idea
for the rest of the game} Qf4 40. Ra8 Rxa8 41. Qxa8+ Kh7 42. Qe8 $1 $18) 35...
Rxf3 36. Rxa6 $1 Qe7 (36... Qxa6 37. Rxh6+ gxh6 38. Qxh6#) 37. Rh1 Rc8 38. Qd2
Qf6 39. Ka2 Rb8 (39... Bxb2 40. Rxd6 $18) 40. Qd5 Kh7 41. Ra8 Qd8 42. Ra7 (42.
Rxb8 $1 {Exchanging this rook would have helped White because it gets rid of
an important defender and the a-pawn can start thinking of moving towards
becoming a queen.} Qxb8 43. a5 $16 {A very unpleasant position to defend for
Black.}) 42... Qb6 43. Rd7 Qe3 44. a5 Qe2 45. Qe6 Qe3 46. a6 $2 {The pawn is
moving too fast, without any backup from its pieces.} Ra8 $1 47. Kb1 Rff8 (
47... Rxa6 $4 48. Qg8+ Kg6 49. Qe8+ Kg5 50. Qh5+ Kf4 51. Qh4#) (47... Rg3 $3
$17 {Going for the same principle which White had on move 42: eliminating the
back rank defender! Quite a difficult move to find.}) 48. Qc4 Rfc8 (48... Qb6
$1 {would have given Vidit a chance to continue playing for a win.} 49. Qe6 Rf6
50. Qc4 (50. Qg4 Rg6 $19) 50... d5 $1 {A strong move opening up the rook on f6
to look at the a6-pawn.} (50... Qxa6 51. Qxa6 Rxa6 $17 {is also a pleasant
endgame.}) 51. Qxd5 (51. exd5 Qxa6 $1 52. Qxa6 Rfxa6 {is just winning.}) 51...
Qxa6 52. Rxg7+ Kxg7 53. Rg1+ Rg6 54. Qxe5+ Kh7 55. Qe7+ Kh8 56. Qe5+ Qf6 57.
Qxf6+ Rxf6 $17 {and Black has chances to win this.}) 49. Qf1 Rf8 50. Qc4 Rfc8
51. Qf1 Rf8 {Vidit doesn't risk it and the game ends in a draw. A typical
Najdorf game - complex and full of interesting moments.} 1/2-1/2

[Event "Buenos Aires Sicilian"]
[Site "Buenos Aires"]
[Date "1994.10.26"]
[Round "11"]
[White "Shirov, Alexei"]
[Black "Salov, Valery"]
[Result "1/2-1/2"]
[WhiteElo "2740"]
[BlackElo "2710"]
[Annotator "Salov,V"]
[PlyCount "93"]
[EventDate "1994.10.12"]
[EventType "tourn"]
[EventRounds "14"]
[EventCountry "ARG"]
[EventCategory "18"]
[SourceTitle "CBM 044"]
[Source "ChessBase"]
[SourceDate "1995.02.01"]
[SourceVersion "1"]
[SourceVersionDate "1995.02.01"]
[SourceQuality "1"]

1. e4 c5 2. Nf3 d6 3. d4 cxd4 4. Nxd4 Nf6 5. Nc3 e6 6. g4 h6 7. h4 {very
agressive; in 1992 (Moscow-rapid) Alexey tried a more restrained approach -7.
h3 against me} Be7 8. Be3 Nc6 9. Bb5 {nowadays quite a fashionable idea in the
Sicilian} Bd7 10. Qe2 h5 11. gxh5 (11. g5 Ng4 $132) 11... Nxh5 12. O-O-O Qc7 (
12... a6 $2 13. Bxc6 bxc6 14. e5 $1 d5 15. Nb3 $16) 13. Bg5 {this move is
excellent from the positional point of view; however it has a tac tical
refutation} Nxd4 $1 14. Rxd4 Ng3 $1 15. fxg3 Bxg5+ 16. Kb1 Bf6 17. Rc4 Bxb5 18.
Rxc7 (18. Nxb5 Qb6 $1 19. Rf1 Bxb2 (19... Be5 $5) 20. Nc7+ Ke7 21. Nxa8 Rxa8
22. c3 Bxc3+ 23. Kc2 Qb2+ 24. Kd3 Qxe2+ 25. Kxe2 Ba5 26. Rb1 Rb8 $15) 18...
Bxe2 19. Nxe2 Rb8 20. c3 Bd8 $1 (20... Be5 21. Rf1 $132) 21. Rc4 Bb6 $1 {
the endgame is very unpleasant for white - his rook c4 is cut from the main fo
rces and his pawn structure is far from being ideal} 22. Kc2 Ke7 23. g4 Rh7 $6
{rather abstract move; instead 23...Rh6 or 23...e5 deserved serious attention}
24. Nd4 $1 {I must admit that I completely overlooked this obvious reply; it
has become ev ident for me that at this stage of the tournament maintaining
concentration co st me a considerable effort} Rh6 $1 {forcing white to weaken
his pawn chain} 25. g5 $8 (25. Nf3 Rf6 $1 $19) 25... Rh5 26. Nf3 f6 27. a4 $1
e5 $1 28. Rh3 $2 {now it is white's turn to go astray,- the text move will
cost him two tempi} (28. b4 $1 $8) 28... Ke6 29. b4 a5 $1 30. bxa5 Bxa5 31. Rh1
Rhh8 $1 32. Kd3 Bb6 $2 {the natural 32...Rhc8 would have sufficed to win the
game} (32... Rhc8 $1 33. Nd2 (33. Rxc8 Rxc8 34. c4 f5 $1 $19) (33. gxf6 Rxc4
34. Kxc4 Rc8+ 35. Kb5 Rc5#) 33... d5 $1 34. exd5+ Kxd5 $19 {and white has no
defence against the advance of the black pawns in the centre}) 33. Rb4 $1 {
at last white is able to free his rook} Bc5 34. Rb5 b6 35. a5 $1 (35. gxf6 gxf6
36. Nd4+ exd4 37. cxd4 Ba3 38. Rb3 Rhg8 $1) 35... bxa5 36. Rxa5 Ra8 $2 (36...
Rb2 $1 37. gxf6 gxf6 38. h5 $1 Rg2 $1 $17 {might still cause serious problems
for white}) 37. Rb5 Rhb8 38. Rhb1 Rxb5 39. Rxb5 f5 40. exf5+ Kxf5 41. Nd4+ $1 {
this tactical resource saves the game} exd4 (41... Kg6 42. Ne6 Bf2 43. Rd5 Bg3
44. Ke4 $10) (41... Kg4 42. Ne6 Kf3 43. Nxc5 dxc5 44. Rxc5 e4+ 45. Kc2 e3 46.
Rf5+ Ke2 47. Rf7 $132) 42. cxd4 Ra3+ 43. Ke2 $10 Rc3 44. dxc5 Rxc5 45. Rb7 g6
46. Rf7+ Kg4 47. Rf6 1/2-1/2

[Event "Buenos Aires Sicilian"]
[Site "Buenos Aires"]
[Date "1994.10.14"]
[Round "3"]
[White "Polgar, Judit"]
[Black "Salov, Valery"]
[Result "0-1"]
[WhiteElo "2630"]
[BlackElo "2710"]
[Annotator "Salov,V"]
[PlyCount "96"]
[EventDate "1994.10.12"]
[EventType "tourn"]
[EventRounds "14"]
[EventCountry "ARG"]
[EventCategory "18"]
[SourceTitle "CBM 044"]
[Source "ChessBase"]
[SourceDate "1995.02.01"]
[SourceVersion "1"]
[SourceVersionDate "1995.02.01"]
[SourceQuality "1"]

1. e4 c5 2. Nf3 e6 3. d4 cxd4 4. Nxd4 Nf6 5. Nc3 d6 6. g4 h6 7. g5 hxg5 8. Bxg5
Nc6 9. Bg2 Bd7 10. Nb3 $5 {white is planning to develop her queen on e2 where
it will support the 'h'pawn in the future; however now black is not forced to
waste time on the maneuvre Qd8-b6 - the knight d4 had to leave the centre
voluntarily} a6 11. Qe2 Qc7 12. O-O-O O-O-O 13. h4 Kb8 14. h5 Be7 15. f4 Ng8 $1
{this method of neutralizing white's activity on the kingside was introduced
by Ulf Andersson - one of the greatest masters of the positional play} (15...
Nh7 16. Bxe7 Nxe7 17. e5 $14) 16. Nd4 Bf6 $5 {and this seems to be something
new; normally the maneuvre Nf6-g8 is connected with the idea Bg5 and f6} (16...
Nxd4 $5 17. Rxd4 Bxg5 18. fxg5 Ne7 19. h6 gxh6 20. gxh6 Nc6 21. Rd3 Ne5 22. Rg3
$36) 17. Nf3 Nge7 18. Bxf6 gxf6 19. Qd2 Rh6 $3 {the most difficult move of the
game; now after 20.Nd4 Nd4 21.Qd4 the pawn f6 is protected and black is able
to activate his bishop by 21...Bc6, obtaining excellent counterplay} (19... Bc8
$2 20. Nd4 $16) 20. Qxd6 {white is more or less forced to accept the pawn
sacrifice} Qxd6 21. Rxd6 Kc7 22. e5 Rdh8 (22... Rg8 $1 $15) 23. Rhd1 Bc8 24.
Ne4 $1 {Judith is trying her best to maintain the initiative; white's extra
pawn is of no importance, after black's inaccuracy on the 22nd move the
chances are about equal} fxe5 25. Nxe5 Nxe5 26. fxe5 Nc6 27. Bf3 $2 {leads to
grave problems for white; curiously Judith didn't even consider the best
defence 27.Rc6!} (27. Rxc6+ $1 $8 bxc6 28. Bf3 Rxh5 29. Bxh5 Rxh5 30. Rf1 Rf5
31. Rxf5 exf5 $10) 27... Nxe5 28. Be2 Rg8 $17 29. b4 Bd7 30. Nc3 Rg2 31. R6d4
f5 32. Kb2 Rh7 33. Kb3 Rg3 34. Kb2 Rg2 35. Kb3 Rh2 36. a4 Rg7 $1 {now the
second black rook enters the game and the pressure becomes unbearable- white
is forced to give up some material} 37. b5 axb5 38. Nxb5+ (38. axb5 Rg3 39. b6+
Kxb6 40. Rxd7 Nxd7 41. Rxd7 Rxe2 $19) 38... Bxb5 39. Bxb5 Rxh5 40. Rd6 (40. Re1
Nf3 41. Rc4+ Kd6 42. Rd1+ Ke5 $19) 40... Rh1 41. R1d2 Rh2 42. R2d4 Rh4 43. Rd2
{allows an elegant combination} (43. Rd1 $142) 43... Re4 $1 $19 44. c4 (44.
Rxe6 Nf3 $1 45. Rxe4 Nxd2+ $19 {exterminating all the white rooks}) (44. a5
Rg3+ (44... Rg2 45. Rxg2 Kxd6 46. Rg7 Nc6 $19) 45. c3 Ree3 46. Rxe6 Rxc3+ 47.
Ka2 Ra3+ 48. Kb1 Rgb3+ 49. Rb2 Rxb2+ 50. Kxb2 Rxa5 51. Rxe5 Kb6 $19) 44... Rg2
45. Rxg2 (45. Rd1 b6 $19) 45... Kxd6 46. Rg7 b6 (46... Re3+ 47. Kb4 b6 $19) 47.
Kb4 Nd3+ 48. Kc3 Nc5 (48... Nc5 49. Kb4 Re3) 0-1

[Event "EU-ch U16 25th"]
[Site "Porec"]
[Date "2015.09.24"]
[Round "4"]
[White "Kollars, Dmitrij"]
[Black "Tomczak, Mikolaj"]
[Result "0-1"]
[WhiteElo "2443"]
[BlackElo "2372"]
[Annotator "Schulz,Andre"]
[PlyCount "58"]
[EventDate "2015.09.21"]
[EventType "swiss"]
[EventRounds "9"]
[EventCountry "CRO"]
[SourceTitle "EXT 2016"]
[Source "ChessBase"]
[SourceDate "2015.10.08"]
[SourceVersion "1"]
[SourceVersionDate "2015.10.08"]
[SourceQuality "1"]

1. e4 c5 2. Nf3 e6 3. d4 cxd4 4. Nxd4 Nf6 5. Nc3 d6 6. g4 h6 7. h4 Nc6 8. Rg1
d5 9. exd5 Nxd5 10. Nxd5 exd5 11. Be3 Be7 {[#]} 12. h5 $6 ({Bekannt und
üblich ist} 12. g5 hxg5 13. hxg5 Ne5 14. Qd2 Bg4 15. g6 Bf6 16. Qb4 fxg6 17.
Rxg4 Nxg4 18. Ne6 Nxe3 19. Qa4+ Qd7 20. Bb5 Nxc2+ 21. Qxc2 Qxb5 22. Nc7+ Kf7
23. Nxb5 Rh1+ 24. Kd2 Rxa1 25. Qc7+ Kg8 26. Qxb7 Rd8 27. Qxa7 Rb1 28. b3 d4 29.
Qa6 Rb2+ 30. Kd3 Kh7 31. Qe6 Rxf2 32. Qh3+ Kg8 33. Qe6+ Kh7 34. Qh3+ Kg8 35.
Qe6+ Kh7 36. Qh3+ Kg8 37. Qe6+ {1/2-1/2 (37) Gashimov,V (2758)-Ponomariov,R 
(2739) Moscow 2009}) 12... Bf6 13. Qd2 Bxd4 14. Bxd4 Qe7+ 15. Be2 O-O {[#]} 16.
Rg3 $2 {Danach läuft die Partie aus dem Ruder.} ({Nötig war} 16. Qe3 Re8 17.
Qxe7 Rxe7 18. Bc5 {und Weiß hat mit dem Läuferpaar einen leichten Vorteil.})
16... Qe4 17. c3 Nxd4 18. Qxd4 Qh1+ 19. Bf1 Re8+ {[#]} 20. Kd2 $2 (20. Re3
Rxe3+ 21. fxe3 Qh4+ 22. Kd2 Qxg4 (22... Bxg4 $5) 23. Be2 $17 {ist unerfreulich,
aber noch besser als der Partieverlauf.}) 20... Re4 21. Qd3 Bxg4 22. Re1 Rxe1
23. Kxe1 Re8+ 24. Kd2 Re4 25. Re3 Rxe3 26. Kxe3 Qf3+ 27. Kd4 Qxf2+ 28. Kxd5
Qxb2 29. Ke5 Qh2+ 0-1

[Event "Poikovsky Karpov 16th"]
[Site "Poikovsky"]
[Date "2015.10.06"]
[Round "8"]
[White "Shirov, Alexei"]
[Black "Korobov, Anton"]
[Result "0-1"]
[WhiteElo "2712"]
[BlackElo "2700"]
[Annotator "Schulz,Andre"]
[PlyCount "88"]
[EventDate "2015.09.28"]
[EventType "tourn"]
[EventRounds "9"]
[EventCountry "RUS"]
[EventCategory "17"]
[SourceTitle "CBM 169"]
[Source "ChessBase"]
[SourceDate "2015.11.10"]
[SourceVersion "1"]
[SourceVersionDate "2015.11.10"]
[SourceQuality "1"]

1. e4 c5 2. Nf3 d6 3. d4 cxd4 4. Nxd4 Nf6 5. Nc3 a6 6. h3 e6 7. g4 h6 8. Bg2
Be7 9. f4 Nc6 10. Be3 Nd7 11. O-O O-O 12. Nce2 Nxd4 13. Nxd4 e5 14. Nf5 exf4
15. Bxf4 Ne5 16. Qd5 Bxf5 17. exf5 b5 {[#] Weiß tauscht jetzt seine Dame
gegen die zwei schwarzen Türme, was angesichts der etwas luftigen weißen
Königsstellung vielleicht nicht die beste Entscheidung war.} 18. Qxa8 (18.
Rad1 $14) 18... Qb6+ 19. Kh1 Rxa8 20. Bxa8 Bg5 21. Bxg5 hxg5 22. b3 Qc5 23.
Rad1 (23. Rac1 d5 24. Rfd1 $2 Qe3 $19) 23... Qxc2 24. Rxd6 Qxa2 25. Bg2 Qxb3
26. Rxa6 Nd3 {[#] Angesichts des drohenden Vormarsches des b-Bauern sucht
Weiß nun Gegenspiel am Königsflügel.} 27. h4 gxh4 28. g5 {Die Idee ist
g5-g6 und Matt auf der Grundreihe.} Kh7 29. Ra7 Ne5 30. g6+ {[#]} Kh6 $6 ({
Möglich war} 30... fxg6 31. f6 h3 {mit der möglichen Folge} 32. Rxg7+ Kh6 33.
Bb7 Ng4 34. f7 (34. Rg1 Qe6 $19) 34... Qg3 35. f8=Q Qh2#) 31. gxf7 Nxf7 32. Re1
Ng5 33. Ra8 ({Besser war} 33. Ra6+ Kh7 (33... Kh5 34. f6 gxf6 35. Rxf6 {
mit Gegenspiel.}) 34. f6 gxf6 $2 (34... Qb4 {hält den Vorteil fest.}) 35. Rxf6
h3 36. Bc6 {und Weiß hat selber starke Drohungen gegen den schwarzen König.})
33... Nf3 (33... Nh3 $5 {und nun scheitert} 34. Bxh3 {an} Qxh3+ 35. Kg1 Qg3+ {
mit Turmverlust.}) 34. Rf1 Ne5 35. f6 gxf6 36. Rxf6+ Kg5 {[#]} 37. Rf1 (37.
Raf8 Ng4 38. Rf5+ Kh6 39. Rh8+ Kg6 40. Rf4 Qd1+ 41. Bf1 Kg5 42. Rff8 Nf6 $19 {
und die Dame setzt sich durch.}) 37... h3 $2 (37... Ng4 $19) 38. Be4 Qc4 39.
Rg1+ Kf4 40. Re1 $2 ({Verpasst} 40. Bb7 $1 {und plötzlich ist die
Angelegenheit wieder ziemlich unklar. Auch der schwarze König steht unter
Beschuss und der Springer e5 ist wackelig postiert.} Qc7 (40... Ng4 41. Rf8+)
41. Rf8+ Ke3 42. Rg3+ Ke2 43. Ba8 $13) 40... Ng4 41. Rf8+ Kg5 42. Bf3 Qa2 43.
Be2 b4 44. Rd8 Qe6 0-1

[Event "Canadian op"]
[Site "Edmonton"]
[Date "2009.07.18"]
[Round "8"]
[White "Ganguly, Surya Shekhar"]
[Black "Quan, Zhe"]
[Result "1-0"]
[WhiteElo "2637"]
[BlackElo "2421"]
[Annotator "Shabalov,A"]
[PlyCount "43"]
[EventDate "2009.07.11"]
[EventType "swiss"]
[EventRounds "9"]
[EventCountry "CAN"]
[SourceTitle "CBM 132 Extra"]
[Source "ChessBase"]
[SourceDate "2009.11.03"]
[SourceVersion "1"]
[SourceVersionDate "2009.11.03"]
[SourceQuality "1"]

1. e4 c5 2. Nf3 d6 3. d4 cxd4 4. Nxd4 Nf6 5. Nc3 a6 6. h3 {Is gradually
becoming a very popular anti-Najdorf weapon.} e6 7. g4 b5 $5 8. Bg2 Bb7 9. O-O
h6 $6 (9... b4 10. Nce2 Bxe4 {looks like the only playable continuation for
Black in this line.}) 10. Re1 Nbd7 $2 {Black ignores White's intentions
completely.} (10... Qc7 11. a4 b4 12. Na2 e5 13. Nf5 Nc6 14. Bd2 g6 15. Ne3 a5
16. c3 {is already extremely unpleasant for Black.}) 11. e5 Bxg2 $6 (11... dxe5
12. Bxb7 exd4 13. Bxa8 dxc3 14. Bc6 Bc5 15. Qf3 $16 {does not look great
either,but it would stop this game from making it into future miniatures
collections}) 12. exf6 Bb7 13. fxg7 Bxg7 {#} 14. Nf5 $1 {White could have
easily gone wrong with} (14. Nxe6 $2 fxe6 15. Rxe6+ Kf7 16. Rxd6 Ne5 17. Rxd8
Raxd8 18. Qe2 Nf3+ 19. Kf1 Nh2+ 20. Kg1 Nf3+ {and Black survives}) 14... Be5
15. Nxd6+ Bxd6 16. Qxd6 Qh4 17. Nd5 Bxd5 18. Qxd5 Rc8 19. Bf4 $1 {Great
solution. White is immediately winning.} Qf6 20. Bg3 Rxc2 21. Rad1 Qd8 22.
Rxe6+ 1-0